| 000 | 01024naa a2200277 c 4500 | ||
|---|---|---|---|
| 001 | 35004 | ||
| 003 | ES-MaCES | ||
| 005 | 20170213134050.0 | ||
| 008 | 050531n2004 sp t 000 | spa d | ||
| 035 | _aCES20050004857v | ||
| 040 |
_aES-MaCES _bspa _cES-MaCES |
||
| 100 | 1 |
_923391 _aSanguineti Raymond, Wilfredo |
|
| 245 | 1 | 3 |
_aEl régimen laboral de la sucesión de empresa _b: puntos críticos tras su reforma _cW. Sanguineti Raymond |
| 504 | _aBibliografía: p. 33-34 | ||
| 650 | 4 |
_aEspaña _926964 |
|
| 650 | 4 |
_aconvenio colectivo _928361 |
|
| 650 | 4 |
_aderecho del trabajo _927165 |
|
| 650 | 4 |
_alegislación del trabajo _927166 |
|
| 650 | 4 |
_arégimen jurídico _929894 |
|
| 650 | 4 |
_atransmisión de la empresa _930833 |
|
| 653 | 1 | 0 | _aDerecho del trabajo y Seguridad Social |
| 773 | 0 |
_tRelaciones laborales _gaño 20, n. 21 (8 nov. 2004){10194 R. 058723}; p. 9-34 _w(ES-MaCES)25210 _942972 |
|
| 902 | _aART Artículo de revista | ||
| 942 |
_2CES _cAR _h6.0.1. |
||
| 999 |
_c35004 _d35004 |
||